| 000 | 00631nam a2200205 u 4500 | ||
|---|---|---|---|
| 005 | 20210223132453.0 | ||
| 008 | 140922s2011 r 000 0 eng d | ||
| 020 | _a9788415116103 | ||
| 035 | _aUPN01000199684 | ||
| 049 | _aI | ||
| 050 | 4 |
_aPZ16.3 _bS3.3 |
|
| 100 | 1 |
_aScotton, Rob _d1960- _936850 |
|
| 245 | 1 | 0 |
_aFeliz Navidad, Splat / _cRob Scotton ; il. de Rob Scotton ; tr. de Pilar Almagro. |
| 260 |
_aMadrid : _bJaguar, _c2011. |
||
| 300 |
_a[32] p. : _bprincipalmente il. col. |
||
| 440 | 0 | _aMiau | |
| 650 | 4 |
_aGATOS - _vLITERATURA INFANTIL _910191 |
|
| 650 | 4 |
_aNAVIDAD - _vLITERATURA INFANTIL _919632 |
|
| 905 | _aInfantil | ||
| 999 |
_c171785 _d171785 |
||